00800nam a22002057a 450000500170000001000150001702000120003203500130004403700130005708200140007010000250008424500750010926000350018427001000021930000320031965000570035194200280040899900170043695201410045320100813144215.0 aENG-100362 c1000.00 aEN-83894 bDBAD/PUB a005.71262 aKhedkar, Amit912749 aJava business component developer :bstudent manual /cby Amit Khedkar aPunebAvani Publicationsc2008 aFlat No.2, Ground Floor, Radhakrihna Apts., Prabhat Road, Lane No. 10, ErandawanabPunee411004 a159,36p.:bill.c28cm (pbk) aJava (Computer program language)-Examinations912750 2ddccENh005.71262mKHE c41656d41656 001040718NFICaDBADbDBADd2010-08-13eDBAD/PUBg1000.00l0o005.71262 KHEpEN-83894r2010-08-13 00:00:00t1v1000.00w2010-08-13yEN